[Event "9th Bavarian Open"]
[Site "Bad Wiessee GER"]
[Date "2005.11.01"]
[Round "4"]
[White "Bobras,P"]
[Black "Riedel,Ho"]
[Result "1-0"]
[WhiteElo "2563"]
[BlackElo "2247"]

1.d4 e6 2.e4 d5 3.Nc3 Bb4 4.e5 b6 5.a3 Bf8 6.Nf3 Qd7 7.b4 c6 8.Rb1 Ne7 9.Bd3 Ba6
10.b5 cxb5 11.Nxb5 Nec6 12.O-O Na5 13.a4 Nbc6 14.c3 Nc4 15.Ng5 Bb7 16.Bxc4 dxc4
17.Ba3 Bxa3 18.Nxa3 O-O 19.Re1 Qe7 20.Qc1 Na5 21.Nb5 Bc6 22.Rb4 a6 23.Nd6 b5
24.axb5 axb5 25.Nxb5 Rfb8 26.Nd6 Rxb4 27.cxb4 Nb3 28.Qe3 Nxd4 29.Rd1 c3 30.h4 c2
31.Rc1 Qa7 32.Kh2 Qa3 33.Qf4 Qxb4 34.Qxf7+ Kh8 35.Qe7 Nf3+ 36.gxf3 Qxh4+
37.Kg1 Qh5 38.Ndf7+ Kg8 39.Qxe6 h6 40.Nxh6+ Kh8 41.Nhf7+ Kg8 42.Qxc6  1-0

[Event "9th Bavarian Open"]
[Site "Bad Wiessee GER"]
[Date "2005.11.02"]
[Round "5"]
[White "Hoffmann,Mi1"]
[Black "Stimpel,F"]
[Result "1-0"]
[WhiteElo "2443"]
[BlackElo "2289"]

1.e4 e6 2.d4 d5 3.Nc3 Bb4 4.e5 Ne7 5.a3 Bxc3+ 6.bxc3 c5 7.Qg4 O-O 8.Bd3 Nbc6
9.Qh5 Ng6 10.Nf3 Qc7 11.Be3 c4 12.Bxg6 fxg6 13.Qg4 Qf7 14.Ng5 Qf5 15.Qe2 Rd8
16.h4 h6 17.g4 Qf8 18.Nh3 Bd7 19.h5 gxh5 20.g5 hxg5 21.Bxg5 Qf5 22.O-O-O Rf8
23.Rdg1 Qf3 24.Qxf3 Rxf3 25.Bf6  1-0

[Event "9th Bavarian Open"]
[Site "Bad Wiessee GER"]
[Date "2005.11.05"]
[Round "8"]
[White "Balinov,I"]
[Black "Schultz,A"]
[Result "1-0"]
[WhiteElo "2431"]
[BlackElo "2230"]

1.e4 e6 2.d4 d5 3.Nc3 Bb4 4.e5 Ne7 5.a3 Bxc3+ 6.bxc3 c5 7.Qg4 O-O 8.Bd3 f5
9.exf6 Rxf6 10.Qh5 h6 11.g4 Nbc6 12.g5 g6 13.Qh4 Rf7 14.gxh6 e5 15.Nh3 Bxh3
16.Qxh3 e4 17.h7+ Rxh7 18.Qe6+ Rf7 19.Be2 Kg7 20.Bh6+ Kxh6 21.Qxf7 cxd4 22.Rb1 b6
23.Qf4+ g5 24.Qf6+ Ng6 25.Qxc6 Rc8 26.Qe6 Rxc3 27.h4 Kg7 28.h5  1-0

[Event "ch-VEN"]
[Site "Paracotos VEN"]
[Date "2005.11.11"]
[Round "5"]
[White "Palencia,W"]
[Black "Ostos,J"]
[Result "1-0"]
[WhiteElo "2329"]
[BlackElo "2312"]

1.e4 e6 2.d4 d5 3.Nc3 Bb4 4.e5 Ne7 5.a3 Bxc3+ 6.bxc3 b6 7.Qg4 Kf8 8.h4 h5
9.Qg5 Ba6 10.Rh3 Bxf1 11.Rg3 Ke8 12.Qxg7 Rf8 13.Bh6 Nd7 14.Qg5 Ba6 15.Bxf8 Nxf8
16.Qxh5 Nf5 17.Rg5 Qd7 18.g4 Ne7 19.Rg7 Neg6 20.Qg5 c5 21.h5 cxd4 22.hxg6 Qb5
23.Rxf7 Qf1+ 24.Kd2 dxc3+ 25.Ke3 d4+ 26.Kf3  1-0

[Event "TCh-FIN 2005-6"]
[Site "Jyvaskyla FIN"]
[Date "2005.11.12"]
[Round "5"]
[White "Franssila,T"]
[Black "Tolonen,L"]
[Result "1-0"]
[WhiteElo "2275"]
[BlackElo "2343"]

1.e4 e6 2.d4 d5 3.Nc3 Bb4 4.e5 Qd7 5.Qg4 f5 6.Qh5+ Qf7 7.Qd1 Nc6 8.h4 b6
9.Nh3 Bb7 10.Be2 O-O-O 11.g4 Nge7 12.g5 Na5 13.Bh5 g6 14.Bf3 Nc4 15.Kf1 Kb8
16.Ne2 Ng8 17.a3 Be7 18.b3 Na5 19.Bd2 Nc6 20.b4 Ba6 21.c3 Bc4 22.Kg2 h6 23.Nef4 hxg5
24.hxg5 Bf8 25.Be2 Nge7 26.Bxc4 dxc4 27.Qe2 b5 28.a4 a6 29.axb5 axb5 30.Be3 Kc8
31.Qa2 Kd7 32.Qa6 Rb8 33.d5 Nxd5 34.Nxd5 exd5 35.Nf4 Rxh1 36.e6+ Qxe6 37.Nxe6 Rxa1
38.Nxf8+ Rxf8 39.Qxa1 f4 40.Qd1 Ke6 41.Bd4 Rf5 42.Bf6 d4 43.cxd4 f3+ 44.Kg3 Na7
45.Qe1+ Kd7 46.Qe7+  1-0

[Event "55th ch-GRE"]
[Site "Kalamata GRE"]
[Date "2005.11.16"]
[Round "1"]
[White "Souleidis,G"]
[Black "Halkias,S"]
[Result "1-0"]
[WhiteElo "2421"]
[BlackElo "2540"]

1.e4 e6 2.d4 d5 3.Nc3 Bb4 4.e5 Ne7 5.a3 Bxc3+ 6.bxc3 c5 7.Qg4 O-O 8.Bd3 Nbc6
9.Qh5 Ng6 10.Nf3 Nce7 11.h4 Qc7 12.Be3 cxd4 13.cxd4 Qc3+ 14.Ke2 b6 15.Bd2 Qc7
16.Qg4 f5 17.Qh3 a5 18.h5 Nh8 19.h6 g6 20.Qh4 Ba6 21.Ng5 Qd7 22.Rab1 Bxd3+
23.cxd3 Rab8 24.Rhc1 Nc6 25.Rb2 Rb7 26.Rbc2 Rc7 27.Kf1 Rcc8 28.Kg1 Na7 29.Nh3 Rxc2
30.Rxc2 Nc8 31.Nf4 Ne7 32.Qg5 Nc6 33.Nh5 Nxd4 34.Rb2 Qd8 35.Qxd8 Rxd8 36.Nf6+ Kf8
37.Nxh7+ Kg8 38.Nf6+ Kf8 39.Rxb6 f4 40.Kh2 Nf7 41.Bxa5 Nxh6 42.Rb7 Nc6 43.Bxd8 Nxd8
44.Rc7 Nf5 45.a4 Nd4 46.a5 Nb5 47.Rd7 Nc6 48.a6 d4 49.Rb7 Nba7 50.Nd7+ Ke8
51.Nb8  1-0

[Event "TCh-CZE Extraliga 2005-6"]
[Site "Czech Rep CZE"]
[Date "2005.12.03"]
[Round "5"]
[White "Londyn,R"]
[Black "Kanovsky,D"]
[Result "1-0"]
[WhiteElo "2334"]
[BlackElo "2335"]

1.e4 e6 2.d4 d5 3.Nc3 Bb4 4.e5 Ne7 5.a3 Bxc3+ 6.bxc3 c5 7.h4 Nbc6 8.Nf3 Qa5
9.Bd2 Qa4 10.h5 h6 11.Rh4 g5 12.hxg6 Nxg6 13.Rxh6 cxd4 14.Rxh8+ Nxh8 15.cxd4 Nxd4
16.Bg5 Qa5+ 17.Bd2 Qa4 18.Bd3 Bd7 19.Bg5 Bc6 20.Kf1 Kd7 21.Rb1 Nxf3 22.Qxf3 Rg8
23.Bf6 Ng6 24.Rb4 Qa5 25.Qh3 Qc5 26.Qh7 Qf8 27.Rg4 Kc8 28.Rg5 Qe8 29.Kg1 a6
30.f4 Kb8 31.g4 Ka7 32.f5 exf5 33.gxf5 Nxe5 34.Rxg8 Nf3+ 35.Kf2 Qe1+ 36.Kxf3 d4+
37.Kg4 Qg1+ 38.Kh5 Qh2+ 39.Bh4 Bf3+ 40.Kg5  1-0

[Event "12th Open"]
[Site "Zadar CRO"]
[Date "2005.12.14"]
[Round "4"]
[White "Brkic,A"]
[Black "Drasko,M"]
[Result "1/2-1/2"]
[WhiteElo "2500"]
[BlackElo "2528"]

1.e4 e6 2.d4 d5 3.Nc3 Bb4 4.e5 Ne7 5.a3 Bxc3+ 6.bxc3 c5 7.Qg4 O-O 8.Bd3 Nbc6
9.Qh5 Ng6 10.Nf3 Qc7 11.Be3 Nce7 12.h4 Bd7 13.a4 f5 14.exf6 Rxf6 15.O-O c4
16.Bxg6 Nxg6 17.Rfe1 Raf8 18.a5 h6 19.Qg4 Kh7 20.h5 Ne7 21.Ne5 Be8 22.Qh3 Nc6
23.Nxc6  1/2-1/2

[Event "TCh-NED 2005-6"]
[Site "Netherlands NED"]
[Date "2005.12.17"]
[Round "5"]
[White "Feygin,M"]
[Black "Vogel,Ja"]
[Result "1-0"]
[WhiteElo "2484"]
[BlackElo "2261"]

1.e4 e6 2.d4 d5 3.Nc3 Bb4 4.e5 b6 5.Bd2 Bf8 6.Qg4 Qd7 7.Bb5 c6 8.Ba4 a5 9.a3 Ba6
10.Nce2 Bb5 11.Bb3 a4 12.Ba2 Na6 13.Nc3 Nc7 14.Nxb5 Nxb5 15.Ne2 f5 16.Qh5+ g6
17.Qf3 h6 18.h4 Ne7 19.g4 Bg7 20.gxf5 Nxf5 21.Qg4 O-O-O 22.O-O-O h5 23.Qxg6 Rdg8
24.Rdg1 Nbxd4 25.Nxd4 Nxd4 26.Qd3 Bxe5 27.c3 Nf5 28.Qa6+ Qb7 29.Qxa4 b5 30.Qd1 Rxg1
31.Rxg1 Nxh4 32.Qe2 Qc7 33.Bb1 Kb8 34.Rh1 Ng2 35.Rxh5 Nf4 36.Qxe5 Rxh5  1-0

[Event "Open A"]
[Site "Bethune FRA"]
[Date "2005.12.27"]
[Round "3"]
[White "Van der Weide,K"]
[Black "Nguyen Chi Minh"]
[Result "1-0"]
[WhiteElo "2464"]
[BlackElo "2371"]

1.e4 e6 2.d4 d5 3.Nc3 Bb4 4.e5 Ne7 5.a3 Bxc3+ 6.bxc3 b6 7.Qg4 Ng6 8.h4 h5
9.Qg3 Ba6 10.Ne2 Kf8 11.a4 Nc6 12.Nf4 Bxf1 13.Qxg6 fxg6 14.Nxe6+ Kg8 15.Nxd8 Bxg2
16.Rg1 Nxd8 17.Rxg2 Kh7 18.Be3 Nc6 19.Ke2 Rhe8 20.Rag1 Ne7 21.Kd3 Rac8 22.c4 c5
23.dxc5 dxc4+ 24.Kxc4 bxc5 25.f4 Rc6 26.Rd2 Nf5 27.Rd3 Ra6 28.Ra1 Rc8 29.Bf2  1-0

[Event "Harmonie Open A"]
[Site "Groningen NED"]
[Date "2005.12.27"]
[Round "4"]
[White "Van Oosterom,C"]
[Black "De Jong,M"]
[Result "1-0"]
[WhiteElo "2235"]
[BlackElo "2277"]

1.e4 e6 2.d4 d5 3.Nc3 Bb4 4.e5 Ne7 5.a3 Bxc3+ 6.bxc3 c5 7.Qg4 O-O 8.Bd3 f5
9.exf6 Rxf6 10.Bg5 Rf7 11.Qh5 g6 12.Qd1 Nbc6 13.Nf3 Qf8 14.O-O c4 15.Be2 h6
16.Bc1 Nf5 17.a4 Bd7 18.Re1 Qg7 19.Bf1 g5 20.Ba3 Qf6 21.Qd2 Kh7 22.Re2 g4
23.Ne1 Rg8 24.g3 h5 25.Ng2 Ncxd4 26.cxd4 Nxd4 27.Qd1 Nxe2+ 28.Bxe2 Qxf2+
29.Kh1 Bc6 30.Qf1 Rg5 31.Qxf2 Rxf2 32.Nf4 Re5 33.Re1 Rf3 34.Bb4 Rfe3 35.Kg1 Bxa4
36.Kf2 Bxc2 37.Bd3+ Bxd3 38.Rxe3 Rxe3 39.Kxe3 Bf5 40.Kd4 b6 41.Ke5 a5 42.Bc3 a4
43.Nxe6 Bxe6 44.Kxe6 d4 45.Bxd4 Kg6 46.Kd5 b5 47.Kc5 h4 48.Kxb5 h3 49.Kxc4 Kf5
50.Kd5  1-0

[Event "10th Open"]
[Site "Bad Zwesten GER"]
[Date "2006.01.02"]
[Round "1"]
[White "Ma,B"]
[Black "Grooten,H"]
[Result "0-1"]
[WhiteElo "1863"]
[BlackElo "2350"]

1.e4 e6 2.d4 d5 3.Nc3 Bb4 4.e5 b6 5.Qg4 Bf8 6.f4 Qd7 7.Bb5 c6 8.Be2 Ba6 9.Nf3 c5
10.O-O Nh6 11.Qh3 Nf5 12.Bxa6 Nxa6 13.Ne2 Nb4 14.c3 Nc2 15.Rb1 cxd4 16.Nfxd4 Bc5
17.Qd3 Bxd4+ 18.Nxd4 Ncxd4 19.cxd4 Qa4 20.Be3 h5 21.Rbc1 O-O 22.h3 h4 23.b3 Qa3
24.Rc2 Rfc8 25.Rfc1 Rxc2 26.Rxc2 a5 27.Bc1 Qb4 28.Bb2 Qe1+ 29.Kh2 Ng3 30.Rc1 Qf2
31.Rc2 Qxf4 32.Qf3 Qxf3 33.gxf3 a4 34.b4 a3 35.Ba1 Ra4 36.Rc8+ Kh7 37.Bc3 Ne2
38.b5 Rc4 39.Rxc4 dxc4  0-1

[Event "10th Open"]
[Site "Bad Zwesten GER"]
[Date "2006.01.03"]
[Round "2"]
[White "Houhou,O"]
[Black "Fichte,W"]
[Result "1-0"]
[WhiteElo "2247"]
[BlackElo "2028"]

1.e4 e6 2.d4 d5 3.Nc3 Bb4 4.e5 Ne7 5.Nf3 c5 6.dxc5 Nd7 7.Bd3 Bxc3+ 8.bxc3 Qc7
9.O-O Ng6 10.Re1 Nxc5 11.c4 Nxd3 12.cxd3 dxc4 13.Ba3 Qa5 14.Bd6 cxd3 15.Qxd3 Bd7
16.Nd4 Nf4 17.Qe4 Nd5 18.Qg4 Rg8 19.Qh4 h6 20.Qe4 g6 21.Rec1 Qd2 22.Rc4 b5
23.Nb3 Qg5 24.Rc5 Qf5 25.Qe2 Qh5 26.Qe4 Qf5 27.Qe2 Qh5 28.f3 Qg5 29.Rac1 Nf4
30.Qd2 Qf5 31.Nd4 Qg5 32.R1c2 Nd5 33.Qxg5 hxg5 34.Ne2 g4 35.fxg4 Ne3 36.Rc1 Nxg4
37.h3 Ne3 38.Ng3 Nd5 39.Ne4 Kd8 40.Bc7+ Ke7 41.Bd6+ Kd8 42.Rf1 Be8 43.Ng5 Rc8
44.Nxf7+ Bxf7 45.Rxc8+ Kxc8 46.Rxf7 a5 47.Ra7 a4 48.Ra8+  1-0

[Event "12th Open A"]
[Site "Bosnjaci CRO"]
[Date "2006.01.07"]
[Round "7"]
[White "Ascic,P"]
[Black "Glavas,D"]
[Result "0-1"]
[WhiteElo "2348"]
[BlackElo "2333"]

1.e4 e6 2.d4 d5 3.Nc3 Bb4 4.e5 Ne7 5.a3 Bxc3+ 6.bxc3 c5 7.g3 Nbc6 8.Nf3 Qa5
9.Bd2 Qc7 10.Bd3 Bd7 11.O-O c4 12.Be2 f6 13.Re1 O-O-O 14.Bf1 Ng6 15.Bh3 Rde8
16.Re3 h6 17.Qe2 Nd8 18.Ne1 f5 19.f4 Ne7 20.Bf1 g5 21.Ng2 Reg8 22.Qf2 Nf7
23.Ree1 Ng6 24.Kh1 Bc6 25.Be2 g4 26.Reb1 h5 27.Be1 Rh6 28.Qe3 Rgh8 29.Kg1 R8h7
30.Nh4 Nfh8 31.Bf1 Qd8 32.Bg2 Nxh4 33.gxh4 Ng6 34.Qg3 b5 35.Kh1 Rb7 36.Rb4 Rhh7
37.Kg1 Rb6 38.Kf1 Rhb7 39.Ke2 Ra6 40.Kd1 Ra5 41.Kc1 Rb6 42.Kb2 Rba6 43.Bf1 Be8
44.Be2 Ne7 45.Qe3 Ng6 46.Qg3 Qe7 47.Ra2 Ra4 48.Bf2 Rb6 49.Ka1 a5 50.Rbb2 Rxa3
51.Be1 Rb8 52.Kb1 b4 53.h3 b3 54.cxb3 Rbxb3 55.Bd1 Rxa2 56.Bxb3 Rxb2+ 57.Kxb2 Qb7
58.hxg4 Qxb3+ 59.Kc1 Ba4 60.Qf2 Qd1+ 61.Kb2 Qxg4 62.Ka3 Qd1  0-1

[Event "Open A"]
[Site "Prague CZE"]
[Date "2006.01.15"]
[Round "3"]
[White "Leks,H"]
[Black "Netusil,M"]
[Result "0-1"]
[WhiteElo "2209"]
[BlackElo "2333"]

1.e4 e6 2.d4 d5 3.Nc3 Bb4 4.e5 b6 5.Qg4 Bf8 6.f4 Nh6 7.Qd1 Ba6 8.Bxa6 Nxa6
9.Qe2 Nb8 10.Be3 Nf5 11.Bf2 h5 12.Nf3 Be7 13.O-O-O Qd7 14.g3 Bb4 15.Qd3 c5
16.h3 Nc6 17.g4 Bxc3 18.Qxc3 Ncxd4 19.Nxd4 cxd4 20.Qb3 Ne7 21.Bxd4 Nc6 22.Bc3 O-O-O
23.Bb4 Kb7 24.Kb1 hxg4 25.hxg4 Rxh1 26.Rxh1 Rc8 27.Rd1 g5 28.fxg5 Nxe5 29.Qg3 Qa4
30.Bc3 Qxg4 31.Qxg4 Nxg4 32.Rf1 Rc7 33.Rf3 e5 34.Rg3 Rc4 35.Kc1 Rf4 36.b3 Kc6
37.Bd2 Rf1+ 38.Kb2 Nf2 39.g6 fxg6 40.Rxg6+ Kb7 41.Rg7+ Kc6 42.Rg6+ Kd7 43.Bb4 a5
44.Rg7+ Ke6 45.Re7+ Kf6 46.Bd6 e4 47.Re8 d4 48.Bg3 e3 49.Ka3 Kf7 50.Re5 Nd1
51.b4 Rf3  0-1

[Event "4th Parsvnath Open"]
[Site "New Delhi IND"]
[Date "2006.01.17"]
[Round "4"]
[White "Dzhumaev,M"]
[Black "Sengupta,D"]
[Result "1-0"]
[WhiteElo "2516"]
[BlackElo "2393"]

1.e4 e6 2.d4 d5 3.Nc3 Bb4 4.e5 Ne7 5.a3 Bxc3+ 6.bxc3 c5 7.Nf3 Qc7 8.a4 b6
9.Bb5+ Bd7 10.Bd3 h6 11.O-O Nbc6 12.Re1 Na5 13.Nd2 cxd4 14.cxd4 Qc3 15.Ba3 Qxd4
16.Qf3 Nec6 17.Qh5 g6 18.Qe2 Qc3 19.Bd6 Nd4 20.Qd1 Nb7 21.Ra3 Qb2 22.Nb1 Nc5
23.Rc3 Qb4 24.a5 Nc6 25.Qf3 d4 26.Be4 Nxe4 27.Bxb4 Nxc3 28.Bxc3 dxc3 29.Nxc3 O-O
30.Ne4 f5 31.Nf6+ Rxf6 32.exf6 bxa5 33.Rxe6 Rb8 34.Re1 Rb5 35.Qd3 Nb8 36.Qc4+ Kf8
37.h4 a4 38.Re7  1-0

[Event "Jovenes Promesas"]
[Site "Malaga ESP"]
[Date "2006.01.19"]
[Round "2"]
[White "Fernandez Siles,L"]
[Black "Gavilan Diaz,M"]
[Result "1/2-1/2"]
[WhiteElo "2291"]
[BlackElo "2161"]

1.e4 e6 2.d4 d5 3.Nc3 Bb4 4.e5 Ne7 5.a3 Bxc3+ 6.bxc3 b6 7.Qg4 Ng6 8.h4 h5
9.Qg3 Ba6 10.Ne2 Kf8 11.Bg5 Qe8 12.a4 c5 13.Qe3 Qc6 14.Rh3 Nd7 15.Rf3 Kg8
16.Nf4 Bxf1 17.Nxg6 fxg6 18.Kxf1 Qc7 19.Qd3 Nf8 20.Kg1 Rc8 21.a5 bxa5 22.Qa6 Qd7
23.Rb1 Qc6 24.Qxa7 Rc7 25.Qxa5 Nd7 26.Qa3 Kh7 27.Qc1 Rf8 28.Rxf8 Nxf8 29.Qf4 Kg8
30.Rb8 Rf7 31.Qc1 cxd4 32.cxd4 Kh7 33.Qb2 Nd7 34.Rd8 Rf8 35.Rxf8 Nxf8 36.Qb4 Qe8
37.Qd6 Nd7 38.Qc7 Qf7 39.Bd2 Qe7 40.Qb7 Kg8 41.Bb4 Qe8 42.Bd6 Nf8 43.g3 Nh7
44.f4 Nf8 45.Kf2 Nd7 46.Qc7 Qf7 47.Qd8+ Kh7 48.Ke3 Qf5 49.Kd2 Qe4 50.Qxd7 Qxd4+
51.Kc1 Qa1+ 52.Kd2 Qd4+ 53.Ke2 Qe4+  1/2-1/2

[Event "2nd Armenian Clubs"]
[Site "Yerevan ARM"]
[Date "2006.01.20"]
[Round "3"]
[White "Petrosian,DG"]
[Black "Mkrtchian,L"]
[Result "1-0"]
[WhiteElo "2352"]
[BlackElo "2453"]

1.e4 e6 2.d4 d5 3.Nc3 Bb4 4.e5 Ne7 5.a3 Bxc3+ 6.bxc3 c5 7.Qg4 O-O 8.Bd3 Nbc6
9.Bg5 Qa5 10.Ne2 cxd4 11.f4 Ng6 12.Qh5 dxc3 13.O-O Qc5+ 14.Kh1 Nce7 15.Rf3 f5
16.exf6 gxf6 17.Rh3 Rf7 18.Bxf6 Rxf6 19.Qxh7+ Kf8 20.Rg3 Qf2 21.Ng1 Bd7 22.Qh6+ Kf7
23.Qh7+ Kf8 24.Rf1 Qd4 25.Qh6+ Ke8 26.Qg7 Rxf4 27.Bxg6+ Kd8 28.Qxd4 Rxd4
29.Rf8+ Kc7 30.Rxa8 Nxg6 31.Rxg6 Rd2 32.Rf8 Rxc2 33.Rg7 Kc6 34.Rd8 d4 35.Rdxd7 e5
36.h4 Rc1 37.h5 c2 38.Rc7+ Kb6 39.h6 d3 40.h7 d2 41.h8=Q d1=Q 42.Rxb7+  1-0

[Event "II Open del Mercantil"]
[Site "Sevilla ESP"]
[Date "2006.01.24"]
[Round "5"]
[White "Melero Fidalgo,J"]
[Black "Matamoros Franco,C"]
[Result "0-1"]
[WhiteElo "2195"]
[BlackElo "2510"]

1.e4 e6 2.d4 d5 3.Nc3 Bb4 4.e5 Ne7 5.Nf3 c5 6.dxc5 Nbc6 7.Bd3 Ng6 8.a3 Bxc5
9.Qe2 a6 10.O-O Qc7 11.Re1 Nd4 12.Nxd4 Bxd4 13.Bxg6 fxg6 14.Nd1 O-O 15.c3 Bc5
16.Be3 Be7 17.Bd4 Bd7 18.Ne3 b5 19.Qg4 g5 20.g3 Qc6 21.Rf1 Be8 22.f4 h5 23.Qh3 Bg6
24.Rf2 Rae8 25.Re1 Rf7 26.Ree2 Ref8 27.fxg5 Bxg5 28.Rxf7 Rxf7 29.Rf2 Rxf2
30.Kxf2 Qe8 31.Ke2 Be4 32.Nd1 Bf5 33.Qg2 Bg4+ 34.Ke1 Qg6 35.Be3 Bxe3 36.Nxe3 Qb1+
37.Kd2 Bf5  0-1

[Event "14th FAJR Open"]
[Site "Tehran IRI"]
[Date "2006.01.29"]
[Round "7"]
[White "Chaichi,N"]
[Black "Badjarani,I"]
[Result "0-1"]
[WhiteElo "2159"]
[BlackElo "2323"]

1.e4 e6 2.d4 d5 3.Nc3 Bb4 4.e5 b6 5.Qg4 Bf8 6.a4 h5 7.Qf3 c6 8.Bd2 Ne7 9.a5 Nf5
10.Nge2 Ba6 11.Be3 Bb4 12.axb6 axb6 13.Qf4 Be7 14.Bc1 Nd7 15.Ng3 Nh4 16.Qd2 Bxf1
17.Rxa8 Qxa8 18.Kxf1 Qa1 19.Nce2 c5 20.c3 b5 21.f3 Ng6 22.Kf2 h4 23.Nf1 b4
24.Ne3 Qa7 25.Rf1 O-O 26.Kg1 f5 27.exf6 Nxf6 28.Qd3 Nh8 29.Kh1 c4 30.Qd1 Qb6
31.Qe1 Nh5 32.Ng4 Ng6 33.Bd2 bxc3 34.bxc3 Bd8 35.Qb1 Qxb1 36.Rxb1 Bc7 37.Bg5 Ra8
38.g3 hxg3 39.Rb7 Ra1+ 40.Kg2 gxh2 41.Nf2 Ra2  0-1

[Event "2nd Bundesliga Mitte 2005-6"]
[Site "Austria AUT"]
[Date "2006.02.04"]
[Round "6"]
[White "Bokros,A"]
[Black "Farago,I"]
[Result "1/2-1/2"]
[WhiteElo "2426"]
[BlackElo "2526"]

1.e4 e6 2.d4 d5 3.Nc3 Bb4 4.e5 Ne7 5.Nf3 b6 6.Bd2 Ba6 7.Bxa6 Nxa6 8.Ne2 Bxd2+
9.Qxd2 Qd7 10.O-O c5 11.c3 O-O  1/2-1/2

[Event "TCh-FRA Top 16 Gp A"]
[Site "Clichy FRA"]
[Date "2006.02.04"]
[Round "2"]
[White "Kogan,Ar"]
[Black "Romero Holmes,A"]
[Result "1-0"]
[WhiteElo "2560"]
[BlackElo "2509"]

1.e4 e6 2.d4 d5 3.Nc3 Bb4 4.e5 Ne7 5.a3 Bxc3+ 6.bxc3 b6 7.Qg4 Ng6 8.h4 h5
9.Qd1 Qd7 10.Bd3 Ne7 11.Ne2 Qc6 12.Bg5 Nf5 13.O-O Ba6 14.Ng3 Bxd3 15.cxd3 Qxc3
16.Rc1 Qxd4 17.Nxf5 exf5 18.Rxc7 O-O 19.e6 Na6 20.Rxf7 Rxf7 21.exf7+ Kxf7
22.Re1 Qg4 23.Re7+ Kg6 24.Qe1 Kh7 25.Qe5  1-0

[Event "It"]
[Site "Soller ESP"]
[Date "2006.02.24"]
[Round "7"]
[White "Souleidis,G"]
[Black "Berg,E"]
[Result "1/2-1/2"]
[WhiteElo "2433"]
[BlackElo "2540"]

1.e4 e6 2.d4 d5 3.Nc3 Bb4 4.e5 Ne7 5.a3 Bxc3+ 6.bxc3 c5 7.Qg4 O-O 8.Bd3 f5
9.exf6 Rxf6 10.Bg5 Rf7 11.Qh5 g6 12.Qd1 Nbc6 13.Nf3 Qf8 14.O-O c4 15.Be2 h6
16.Bc1 Kg7 17.a4 Bd7 18.Ba3 Qb8 19.Qd2 Nf5 20.Rab1 Qc7 21.h3 Re8  1/2-1/2

[Event "1st ONGC Cup"]
[Site "Hyderabad IND"]
[Date "2006.03.02"]
[Round "7"]
[White "Abhishek,D"]
[Black "Sengupta,D"]
[Result "0-1"]
[WhiteElo "2224"]
[BlackElo "2393"]

1.e4 e6 2.d4 d5 3.Nc3 Bb4 4.e5 Qd7 5.a3 Bxc3+ 6.bxc3 b6 7.h4 Ba6 8.Bxa6 Nxa6
9.a4 Nb8 10.h5 h6 11.Qg4 Rh7 12.Ne2 Nc6 13.O-O Na5 14.f4 Ne7 15.Ba3 Nf5 16.Qh3 Nc4
17.Bc1 g6 18.g4 Ne7 19.hxg6 fxg6 20.f5 exf5 21.g5 O-O-O 22.gxh6 g5 23.Bxg5 Rg8
24.Qh5 Nd2 25.Rf2 Qc6 26.Rg2 Rxg5 27.Rxg5 Rxh6 28.Qf7 Nf3+ 29.Kg2 Nxg5 30.Qxe7 Ne4
31.Rg1 Rg6+ 32.Kf1 Rxg1+ 33.Kxg1 Qg6+ 34.Kf1 Qg4 35.Qe6+ Kb8 36.Qxd5 Qf3+
37.Kg1 Qf2+ 38.Kh1  0-1

[Event "ch-USA GpB"]
[Site "San Diego USA"]
[Date "2006.03.02"]
[Round "1"]
[White "Perelshteyn,E"]
[Black "Abrahamyan,T"]
[Result "1-0"]
[WhiteElo "2522"]
[BlackElo "2254"]

1.e4 e6 2.d4 d5 3.Nc3 Bb4 4.e5 Ne7 5.Bd2 b6 6.Nb5 Bxd2+ 7.Qxd2 Ba6 8.Qc3 Bxb5
9.Bxb5+ c6 10.Bd3 Nd7 11.Qd2 c5 12.c3 O-O 13.Nf3 f6 14.exf6 Rxf6 15.O-O-O c4
16.Bc2 b5 17.Rde1 a5 18.Bxh7+ Kxh7 19.Ng5+ Kg8 20.Nxe6 Qb6 21.Nxg7 Ng6 22.Nh5 Rf7
23.Qg5 Nf8 24.Re2 b4 25.Qxd5 Rd8 26.Qxc4 bxc3 27.bxc3 Rb8 28.Kc2 Qb2+ 29.Kd3 Qb7
30.f3 Rc8 31.Qb3 Qa6+ 32.Kd2 a4 33.Qd5 Rb8 34.Rhe1 Rb5 35.Qc4 Qb7 36.Nf6+ Kh8
37.Ne4 Nf4 38.Rf2 Rb2+ 39.Ke3 Nxg2+ 40.Rxg2 Rxg2 41.Qxa4 Qd5 42.Qe8 Rxa2
43.Rg1 Ra8 44.Qe5+ Qxe5 45.dxe5 Ra5 46.f4 Ne6 47.Nf6 Rg7 48.Rb1 Rga7 49.Rg1 Rg7
50.Rb1 Rga7 51.Rb8+ Kg7 52.Ne8+ Kg6 53.Nd6 Ng7 54.Ke4 Ra4+ 55.c4 Ra1 56.f5+ Nxf5
57.Nxf5 Re1+ 58.Ne3 Ra3 59.Rg8+ Kf7 60.Rg3 Ke6 61.Rg6+ Ke7 62.Rg3 Ke6 63.Kd4 Rh1
64.Rg6+ Kf7 65.Rf6+ Ke8 66.Nd5 Rd1+ 67.Kc5 Ra5+ 68.Kc6 Ra6+ 69.Nb6 Re1 70.Kb5 Ra2
71.e6 Rxh2 72.Kc5 Rc1 73.Rg6 Rh8 74.Kd6  1-0

[Event "III GM-Tage"]
[Site "Pulvermuehle GER"]
[Date "2006.03.03"]
[Round "7"]
[White "Atlas,V"]
[Black "Prusikin,M"]
[Result "1/2-1/2"]
[WhiteElo "2480"]
[BlackElo "2563"]

1.e4 e6 2.d4 d5 3.Nc3 Bb4 4.e5 Ne7 5.a3 Bxc3+ 6.bxc3 c5 7.Qg4 O-O 8.Bd3 f5
9.exf6 Rxf6 10.Bg5 Rf7 11.Qh5 g6 12.Qd1 Nbc6 13.Nf3 Qf8 14.O-O c4 15.Be2 h6
16.Bh4 Nf5 17.Bg3 Nxg3 18.hxg3 Qg7 19.Qd2 Bd7 20.Rae1 Raf8 21.Bd1 g5 22.Nh2 Qg6
23.f4 Rg7 24.Rf2 h5 25.g4 hxg4 26.fxg5 Qxg5 27.Bxg4 Qxd2 28.Rxd2 Rf6 29.Re3 Kf7
30.Bh3 Ke7 31.Rde2 Kd6 32.Nf3 Rh6 33.Kf2 a6 34.Ne5 Nxe5 35.Rxe5 Rf6+ 36.Ke1 Rg3
37.R2e3 Rxe3+ 38.Rxe3 Be8 39.g4 Ba4 40.g5 Rg6 41.Re5 Bxc2 42.Kf2 b5 43.Bg4 a5
44.Ke2 Bb1 45.Kd2  1/2-1/2

[Event "ch-BLR"]
[Site "Minsk BLR"]
[Date "2006.03.06"]
[Round "3"]
[White "Kovalev,An"]
[Black "Mihajlovskij,S"]
[Result "0-1"]
[WhiteElo "2538"]
[BlackElo "2408"]

1.e4 e6 2.d4 d5 3.Nc3 Bb4 4.e5 Qd7 5.a3 Bxc3+ 6.bxc3 b6 7.h4 Ba6 8.Bxa6 Nxa6
9.Qg4 f5 10.Qh5+ Qf7 11.Qe2 Nb8 12.Nf3 Nc6 13.c4 dxc4 14.Ng5 Qd7 15.Qxc4 Qd5
16.Qxd5 exd5 17.Bb2 Nd8 18.c4 Ne7 19.Ke2 h6 20.Nf3 Ne6 21.Rhc1 Kd7 22.a4 dxc4
23.Rxc4 Nd5 24.h5 a6 25.g3 b5 26.Rc2 Rab8 27.Ne1 bxa4 28.Rxa4 Rxb2 29.Rxb2 Nc3+
30.Kd3 Nxa4 31.Ra2 Nb6 32.Rxa6 Kc6 33.Nc2 Rd8 34.Ra5 Kb7 35.g4 fxg4 36.Ke4 Rf8
37.d5 Ng5+ 38.Kd3 Rf5 39.Ne3 Rxe5 40.Rb5 Nf7 41.Kd4 Rxh5 42.Nc4 Rg5  0-1

[Event "ch-BLR"]
[Site "Minsk BLR"]
[Date "2006.03.10"]
[Round "7"]
[White "Zhigalko,A"]
[Black "Mihajlovskij,S"]
[Result "1-0"]
[WhiteElo "2505"]
[BlackElo "2408"]

1.e4 e6 2.d4 d5 3.Nc3 Bb4 4.e5 Qd7 5.a3 Bxc3+ 6.bxc3 b6 7.Qg4 f5 8.Qg3 Ba6
9.Bxa6 Nxa6 10.Ne2 Nb8 11.Nf4 Nc6 12.Nxe6 Qxe6 13.Qxg7 O-O-O 14.Qxh8 Qg6
15.O-O Rd7 16.Re1 Kb7 17.Bf4 Rg7 18.g3 Nge7 19.Qf8 h5 20.Qf6 Qh7 21.Qh6 Qg8
22.Qxh5 Nd8 23.Qf3 Ne6 24.Rad1 Rg4 25.Bc1 c6 26.Kh1 Qg6 27.Rd3 Qh5 28.Kg1 Ng6
29.h3 Qxh3 30.Qh1 Qxh1+ 31.Kxh1 Ka6 32.Kh2 Ne7 33.Rh1  1-0

[Event "XXII Open"]
[Site "Reykjavik ISL"]
[Date "2006.03.11"]
[Round "6"]
[White "Jonsson,Bjorg"]
[Black "Johannesson,I"]
[Result "1/2-1/2"]
[WhiteElo "2392"]
[BlackElo "2269"]

1.e4 e6 2.d4 d5 3.Nc3 Bb4 4.e5 Ne7 5.a3 Bxc3+ 6.bxc3 c5 7.Qg4 Kf8 8.a4 b6
9.Nf3 h6 10.Bd3 Ba6 11.Ba3 Qc7 12.O-O Kg8 13.Qf4 Bxd3 14.cxd3 Nbc6 15.Rfe1 Na5
16.dxc5 bxc5 17.Rab1 a6 18.Nd2 Ng6 19.Qe3 Rc8 20.c4 dxc4 21.Nxc4 Nxc4 22.dxc4 Kh7
23.Qe4 Rhd8 24.Qc2 Kg8 25.Bb2 Rd7 26.Bc3 Nf4 27.Rbd1 Rcd8 28.Rxd7 Rxd7 29.g3 Nd3
30.Re3 Qd8 31.Qb1 Nxe5 32.Qe4 Ng6 33.h4 h5 34.Qf3 Rd1+ 35.Kg2 Ne7 36.Ba5 Qd4
37.Bc3 Qd8 38.Ba5 Qd4 39.Bc3  1/2-1/2

[Event "TCh-BEL 2005-6"]
[Site "Belgium BEL"]
[Date "2006.03.12"]
[Round "10"]
[White "Akhayan,R"]
[Black "Van Rij,G"]
[Result "1-0"]
[WhiteElo "2229"]
[BlackElo "2124"]

1.e4 e6 2.d4 d5 3.Nc3 Bb4 4.e5 Ne7 5.Bd2 c5 6.dxc5 O-O 7.Qh5 Nbc6 8.Nf3 Ng6
9.Bd3 f6 10.exf6 Rxf6 11.O-O-O Nce7 12.Kb1 Bd7 13.Ne5 Be8 14.Ng4 Rf8 15.Rhe1 Bf7
16.Ne5 Be8 17.Qg4 Nxe5 18.Rxe5 Nc6 19.Qxe6+ Bf7 20.Qh3 g6 21.Ree1 Qa5 22.a3 Bxc3
23.Bxc3 Qxc5 24.Bf6 d4 25.Re4 Ba2+ 26.Kxa2 Rxf6 27.Kb1 Rd8 28.Re6 Qf8 29.Rde1 Rxe6
30.Qxe6+ Qf7 31.Qe2 Kg7 32.h4 Rf8 33.f3 Qd5 34.Be4 Qd6 35.h5 gxh5 36.Rh1 Qc5
37.g4 h6 38.gxh5 Re8 39.Rg1+ Kf8 40.Qg2 Ke7 41.Qg7+ Kd8 42.Rd1 Qe5 43.Qxb7  1-0

[Event "ch-ARG s/f"]
[Site "Buenos Aires ARG"]
[Date "2006.03.22"]
[Round "2"]
[White "Fusco,L"]
[Black "Schweber,S"]
[Result "1/2-1/2"]
[WhiteElo "2269"]
[BlackElo "2355"]

1.e4 e6 2.d4 d5 3.Nc3 Bb4 4.e5 Qd7 5.a3 Bxc3+ 6.bxc3 b6 7.Qg4 f5 8.Qg3 Ba6
9.Bxa6 Nxa6 10.Ne2 O-O-O 11.a4 Kb7 12.a5 b5 13.Ba3 Nh6 14.h4 g6 15.Nf4 Nf7
16.Nd3 Rhg8 17.f3 g5 18.hxg5 Rxg5 19.Qf2 Rdg8 20.Nf4 h6 21.Qe2 Ka8 22.Rh2 Nb8
23.Nh5 Qc6 24.Kd2 Nd7 25.Be7 R5g6 26.Nf4 R6g7 27.Bf6 Rg3 28.Bh4 R3g7 29.Bf6 Rg3
30.Bh4 R3g7 31.Bf6  1/2-1/2

[Event "ch-ARG s/f"]
[Site "Buenos Aires ARG"]
[Date "2006.03.22"]
[Round "2"]
[White "Alonso,S"]
[Black "Menon,D"]
[Result "1-0"]
[WhiteElo "2460"]
[BlackElo "2167"]

1.e4 e6 2.d4 d5 3.Nc3 Bb4 4.e5 Ne7 5.a3 Bxc3+ 6.bxc3 c5 7.Nf3 b6 8.Bb5+ Bd7
9.Bd3 Ba4 10.O-O c4 11.Be2 Nbc6 12.g3 h6 13.Nh4 Kd7 14.f4 g6 15.Ng2 h5 16.Bd2 Nf5
17.Be1 Kc7 18.Bf2 Qg8 19.Qd2 Qg7 20.Ne1 Rag8 21.Nf3 f6 22.Rfe1 fxe5 23.dxe5 Rd8
24.Bf1 Rd7 25.h3 Nd8 26.Bg2 Qe7 27.Qe2 Nb7 28.g4 Ng7 29.Nd4 Rdd8 30.Bg3 Rdf8
31.Rf1 Rhg8 32.Qe1 Kc8 33.Bh4 Qc5 34.Kh2 hxg4 35.hxg4 Rh8 36.Kg3 Nd8 37.Rh1 Nc6
38.Qe3 Nxd4 39.cxd4 Qc7 40.Qc3 a5 41.Rh2 Ne8 42.Rah1 Rh7 43.Bd8 Qf7 44.Rxh7 Qxf4+
45.Kh3 Kxd8 46.Rf1  1-0